01454cam a2200373Ia 45000010006000000050017000060080041000230350023000640400044000870160016001310200015001470200018001620350037001800410013002170430039002300550021002690820012002901000031003022450118003332600034004513000021004854400049005065000033005555000020005886500026006086510044006346500065006786510080007436510073008236510069008966530047009656530036010126530032010481727920230411085950.0060907s2003 sp 001 0 spa d a(OCoLC)ocm54444744 aTXNcTXNdOCLCQdNLCdPL#dBAKERdYDXCP a20040122840 a8449314569 a9788449314568 a(OCoLC)54444744z(OCoLC)534407211 aspaheng an-us---ae-bn---ae-yu---aa-af---01aD 860bI24n 200304a909.8291 aIgnatieff, Michael,d1947-13aEl nuevo imperio americano :bla reconstrucción nacional en Bosnia, Kosovo y Afganistán /cMichael Ignatieff. aBarcelona :bPaidós,c2003. a120 p. ;c23 cm. 0aPaidós historia contemporánea ;vno. 012 aTranslation of: Empire lite. aIncludes index. 0aWorld politicsy1989- 0aUnited StatesxForeign relationsy1989- 0aHumanitarian interventionxPolitical aspectszUnited States. 0aBosnia and HercegovinaxPolitics and governmenty1992-xForeign influences. 0aKosovo (Serbia)xPolitics and governmenty1980-xForeign influences. 0aAfghanistanxPolitics and governmenty2001-xForeign influences. aEstados UnidosaPolâitica internacional. aGuerraaAspectos econâomicos. aRelaciones internacionales.